European economy news

Salvato in:
Dettagli Bibliografici
Natura: Periodico
Lingua:inglese
Pubblicazione: Luxembourg European Communities 2008
Soggetti:
Tags: Aggiungi Tag
Nessun Tag, puoi essere il primo ad aggiungerne!!

MARC

LEADER 00000nas2a2200000 4500
001 0147631
005 20120210112649.9
022 |a 1830-5180 
041 0 |a eng 
044 |a LU 
245 1 0 |a European economy news 
264 1 |a Luxembourg  |b European Communities  |c 2008 
773 0 |w eu_un_cat*0038651 
610 2 0 |a integrácia 
610 2 0 |a integrácia ekonomická medzinárodná 
610 2 0 |a Európska únia 
610 2 0 |a vzťahy hospodárske medzinárodné